[Event "PRO League Stage"]
[Site "Chess.com INT"]
[Date "2019.03.13"]
[Round "10"]
[White "Mayer, Jacob"]
[Black "Zhu, Jiner"]
[Result "0-1"]
[WhiteElo "1737"]
[BlackElo "2424"]
[PlyCount "122"]
[EventDate "2019.01.08"]
[EventType "team-swiss (rapid)"]
[EventRounds "10"]
[EventCountry "USA"]
[SourceTitle "CBM 189 Extra"]
[Source "ChessBase"]
[SourceDate "2019.05.31"]
[SourceVersion "1"]
[SourceVersionDate "2019.05.31"]
[SourceQuality "1"]
[WhiteTeam "Seattle Sluggers"]
[BlackTeam "Dallas Destiny"]
[WhiteTeamCountry "USA"]
[BlackTeamCountry "USA"]

1. e4 c5 2. Nf3 d6 3. d3 Nc6 4. g3 g6 5. Bg2 Bg7 6. 0-0 e6 7. c3 Nge7 8. Nbd2 d5 9. Re1 0-0 10. e5 Qc7 11. d4 cxd4 12. cxd4 Nf5 13. Nb3 Qb6 14. g4 Nfe7 15. Bg5 f5 16. exf6 Bxf6 17. Bxf6 Rxf6 18. Qd2 Kg7 19. Nc5 Qc7 20. Ne5 Nxe5 21. dxe5 Rf7 22. Rac1 Nc6 23. b4 a6 24. Nd3 Bd7 25. Qe3 Raf8 26. h3 Qd8 27. Rf1 Nb8 28. Nc5 Qe7 29. Nxb7 Bb5 30. Nd6 Bxf1 31. Rxf1 Rf4 32. a3 Nd7 33. Qa7 Kg8 34. a4 Rxb4 35. Qxa6 Nxe5 36. a5 Nc4 37. Nxc4 Rxc4 38. Re1 Qf6 39. Qxe6+ Qxe6 40. Rxe6 Rc1+ 41. Bf1 Rd8 42. a6 Ra1 43. Kg2 d4 44. Bc4 Kf8 45. Rf6+ Ke8 46. Rf7 d3 47. Rxh7 d2 48. Rh8+ Ke7 49. Rh7+ Kd6 50. Bb3 d1Q 51. Bxd1 Rxd1 52. a7 Ra1 53. Rg7 Ke5 54. Rxg6 Rxa7 55. f3 Rf8 56. Kg3 Ra3 57. Rg5+ Ke6 58. Rg6+ Ke7 59. Rg7+ Ke8 60. Rg5 Rfxf3+ 61. Kh4 Rxh3# 0-1

[Event "Douglas IoM op-B"]
[Site "Douglas"]
[Date "2018.10.24"]
[Round "3"]
[White "Mayer, Jacob"]
[Black "Ireland, David J"]
[Result "0-1"]
[WhiteElo "1695"]
[BlackElo "1892"]
[PlyCount "58"]
[EventDate "2018.10.22"]
[EventType "swiss"]
[EventRounds "7"]
[EventCountry "IOM"]
[SourceTitle "CBM 187 Extra"]
[Source "ChessBase"]
[SourceDate "2018.11.04"]
[SourceVersion "1"]
[SourceVersionDate "2018.11.04"]
[SourceQuality "1"]

1. e4 c6 2. d3 d5 3. Nd2 e5 4. Ngf3 Bd6 5. g3 f5 6. Nh4 Qf6 7. Bh3 Ne7 8. Ndf3 f4 9. Bxc8 Nxc8 10. gxf4 exf4 11. e5 Qe6 12. Bxf4 0-0 13. Ng5 Qe8 14. Qg4 Bxe5 15. Bxe5 Qxe5+ 16. Kf1 Qf4 17. Qxf4 Rxf4 18. Re1 Nd6 19. Re6 Rf6 20. Rg1 Nd7 21. Re7 Nf8 22. Nxh7 Kxh7 23. Rexg7+ Kh6 24. Rg8 Re8 25. R1g3 Re5 26. Rh3 Rh5 27. Rh8+ Nh7 28. Kg2 Rf4 29. Kg3 Rfxh4 0-1

[Event "Seattle Super Masters-B"]
[Site "Seattle"]
[Date "2018.03.04"]
[Round "4"]
[White "Vijayakumar, Advaith"]
[Black "Mayer, Jacob"]
[Result "1/2-1/2"]
[WhiteElo "1687"]
[BlackElo "1718"]
[PlyCount "154"]
[EventDate "2018.03.02"]
[EventType "swiss"]
[EventRounds "5"]
[EventCountry "USA"]
[SourceTitle "EXT 2023"]
[Source "ChessBase"]
[SourceDate "2022.10.05"]
[SourceVersion "1"]
[SourceVersionDate "2022.10.05"]
[SourceQuality "1"]

1. d4 Nf6 2. c4 d6 3. Nf3 Nbd7 4. Nc3 c6 5. g3 e5 6. Bg2 Be7 7. 0-0 0-0 8. b3 exd4 9. Nxd4 Ne5 10. Bb2 Bg4 11. Qc2 Qc8 12. Nf3 Nxf3+ 13. exf3 Bh3 14. Rfe1 Bxg2 15. Kxg2 Re8 16. Ne4 Nxe4 17. fxe4 Qe6 18. Rad1 Rad8 19. f4 Bf6 20. Bd4 b6 21. Qc3 Bxd4 22. Qxd4 d5 23. cxd5 cxd5 24. e5 g6 25. Rc1 Rc8 26. Red1 Red8 27. Rxc8 Qxc8 28. Rd3 Qc2+ 29. Rd2 Qc5 30. Kf3 Kf8 31. Ke3 Ke7 32. Qxc5+ bxc5 33. Rc2 Rc8 34. b4 c4 35. Kd4 Ke6 36. g4 Rd8 37. a4 a6 38. b5 axb5 39. axb5 Rb8 40. Rb2 h6 41. b6 Kd7 42. Kxd5 c3 43. Rc2 Rxb6 44. Rxc3 Rb4 45. Rf3 Rb5+ 46. Ke4 Rb4+ 47. Ke3 Ke6 48. Kf2 g5 49. Kg3 f5 50. exf6 Kxf6 51. f5 Rb1 52. Ra3 Rb6 53. h3 h5 54. Kf3 hxg4+ 55. hxg4 Rc6 56. Re3 Kf7 57. Re4 Rc3+ 58. Re3 Rc4 59. Ra3 Rc6 60. Ra4 Kf6 61. Ke4 Rd6 62. Rd4 Rb6 63. Kd5 Ra6 64. Rc4 Ra5+ 65. Kd4 Rb5 66. Rc6+ Kf7 67. Rc5 Rb4+ 68. Ke5 Rxg4 69. Rc7+ Ke8 70. Kf6 Ra4 71. Kg7 Kd8 72. Rb7 g4 73. f6 g3 74. f7 Rg4+ 75. Kf6 Rf4+ 76. Ke5 Rf2 77. Kd6 Kc8 1/2-1/2

[Event "British Columbia-Washington m B"]
[Site "Victoria"]
[Date "2017.01.13"]
[Round "1.4"]
[White "Kagaoan, Jose"]
[Black "Mayer, Jacob"]
[Result "1-0"]
[WhiteElo "1996"]
[BlackElo "1710"]
[PlyCount "49"]
[EventDate "2017.01.13"]
[EventType "team"]
[EventRounds "5"]
[EventCountry "CAN"]
[SourceTitle "EXT 2022"]
[Source "ChessBase"]
[SourceDate "2021.10.06"]
[SourceVersion "1"]
[SourceVersionDate "2021.10.06"]
[SourceQuality "1"]

1. d4 Nf6 2. e3 g6 3. f4 d6 4. Nf3 Bg7 5. Bd3 0-0 6. c4 c5 7. Nc3 Re8 8. 0-0 Nbd7 9. d5 e5 10. dxe6 fxe6 11. e4 Nb6 12. Qe2 Nfd7 13. Nb5 Nb8 14. e5 dxe5 15. fxe5 Nc6 16. Bg5 Qd7 17. Rad1 Nd4 18. Nfxd4 cxd4 19. Nd6 Rf8 20. Rxf8+ Bxf8 21. Rf1 Bxd6 22. exd6 Qxd6 23. Qf3 Nd7 24. Qf7+ Kh8 25. Qe8+ 1-0

[Event "Vancouver op"]
[Site "Vancouver"]
[Date "2015.08.23"]
[Round "4"]
[White "Lee, Nathan"]
[Black "Mayer, Jacob"]
[Result "1-0"]
[WhiteElo "2162"]
[BlackElo "1739"]
[PlyCount "54"]
[EventDate "2015.08.22"]
[EventType "swiss"]
[EventRounds "5"]
[EventCountry "USA"]
[SourceTitle "EXT 2017"]
[Source "ChessBase"]
[SourceDate "2016.10.25"]
[SourceVersion "1"]
[SourceVersionDate "2016.10.25"]
[SourceQuality "1"]

1. e4 d5 2. exd5 Qxd5 3. Nc3 Qd6 4. Bc4 Nf6 5. d4 a6 6. Nf3 b5 7. Bd3 Bb7 8. Qe2 Nc6 9. Ne4 Nxe4 10. Bxe4 g6 11. 0-0 Bg7 12. c3 0-0 13. Re1 e6 14. g3 Na5 15. Bf4 Qb6 16. Rad1 Rad8 17. Be5 Nc4 18. Bxg7 Kxg7 19. Bxb7 Qxb7 20. b3 Nd6 21. Ne5 Nf5 22. Nd3 a5 23. Nc5 Qc6 24. Qe5+ Kg8 25. Ne4 f6 26. Nxf6+ Kf7 27. Nxh7 Kg8 1-0